[Descripción meteorológica de la Isla de Fernando Póo (Record no. 183809)
[ view plain ]
| 000 -LEADER | |
|---|---|
| campo de control de longitud fija | 00719nam a2200169 i 4500 |
| 001 - NÚMERO DE CONTROL | |
| campo de control | 183809 |
| 003 - IDENTIFICADOR DE NÚMERO DE CONTROL | |
| campo de control | ES-MaACL |
| 005 - FECHA Y HORA DE LA ÚLTIMA TRANSACCIÓN | |
| campo de control | 20230906221956.0 |
| 008 - DATOS DE LONGITUD FIJA--INFORMACIÓN GENERAL | |
| campo de control de longitud fija | 141020n1869 sp |||| ||spa d |
| 245 01 - MENCIÓN DEL TÍTULO | |
| Título | [Descripción meteorológica de la Isla de Fernando Póo |
| Resto del título | : (Apéndice al "Resúmen de las observaciones meteorológicas efectuadas en la Península Ibérica, durante el año 1869. publicado por el Observatorio de Madrid)]. |
| 260 ## - PUBLICACIÓN, DISTRIBUCIÓN, ETC. | |
| Lugar de publicación, distribución, etc. | [S.l.] : |
| Nombre del editor, distribuidor, etc. | [s.n.], |
| Fecha de publicación, distribución, etc. | [1869?] |
| 300 ## - DESCRIPCIÓN FÍSICA | |
| Extensión | P. [405]-428 ; |
| Dimensiones | 22 cm. |
| 594 ## - Nota al título y mención de responsabilidad | |
| Nota al título y mención de responsabilidad | Título tomado de principio del texto, sin portada. |
| 651 ## - PUNTO DE ACCESO ADICIONAL DE MATERIA--NOMBRE GEOGRÁFICO | |
| Nombre geográfico | Fernando Poo- |
| Subdivisión general | Descripción. |
| 9 (RLIN) | 8652 |
| 710 2# - ENTRADA AGREGADA--NOMBRE DE ENTIDAD CORPORATIVA | |
| Nombre de entidad corporativa o nombre de jurisdicción como elemento de entrada | Observatorio Astronómico de Madrid. |
| 9 (RLIN) | 6005 |
| 852 ## - LOCALIZACIÓN | |
| Ubicación | ES-MaACL |
| Número de control de estantería | T-557-F-4 |
| Estatus retirado | Estado de pérdida | Estado de daño | No para préstamo | Colección | Biblioteca de origen | Biblioteca actual | Ubicación en estantería | Fecha de adquisición | Fuente de adquisición | Total de préstamos | Signatura topográfica completa | Código de barras | Visto por última vez | Precio de reemplazo | Tipo de ítem Koha |
|---|---|---|---|---|---|---|---|---|---|---|---|---|---|---|---|
| Colección de folletos | Biblioteca del Ateneo de Madrid | Biblioteca del Ateneo de Madrid | Depósito folletos | 20/10/2014 | T-557-F-4 | 1193255 | 23/02/2023 | 23/02/2023 | Folleto |
